| 000 | 01143nam a2200265 a 4500 | ||
|---|---|---|---|
| 003 | BLK | ||
| 005 | 20240621132655.0 | ||
| 007 | ta | ||
| 008 | 221104b bu |||||r|||| 00| | bu d | ||
| 020 | _a9786192042691 | ||
| 040 | _aBLK | ||
| 041 |
_aBUL _cBUL |
||
| 080 |
_9227592 _aБългарска литература _b821.163.2 _x-1 _z821.163.2-1 |
||
| 084 | _aП 13 | ||
| 100 |
_9372200 _aПавлова, Лалка |
||
| 245 |
_aПтица съм... _bизбрана поезия _cЛалка Павлова |
||
| 260 |
_9209502 _aСофия _bБълг. писател _c2024 _fВ. Търново: ВТУ Принт |
||
| 300 |
_a180 с. _bс ил. _c21 см |
||
| 380 | _aX | ||
| 500 | _aПълната форма на името на авт. Лалка Павлова е Лалка Павлова Димитрова Възходящ полет / Банко П. Банков: с. 5-14 ; За автора: с. 172-175 Кн. е ил. с рис. на Калин Павлов | ||
| 852 |
_aЦб 323626 _bЦб |
||
| 856 |
_i0.00 _ldisable |
||
| 942 |
_cKNG _n0 |
||
| 944 |
_a30570 _cМоника Янева _k30570 _lМоника Янева |
||
| 999 |
_c512792 _d512792 |
||